000 00460nam a2200181Ia 4500
001 2493
005 20260306144811.0
008 260306t2011||||xx |||||||||||||| ||spa||
041 _aESP
082 _a616.891
_bS52
100 _aSiegel, Ronald D.
_eAUT
245 0 _aLa solución Mindluness:
_bPrácticas cotidianas para probelmas cotidianos
260 _c2011
300 _a464páginas :
_c
650 _aGEN
654 _aCPS
942 _cLIB
_dJUS
_fJUS
_2ddc
_n
999 _c2493
_d2493